[Event "Barcelona IM1 06"]
[Site "Barcelona"]
[Date "2025.06.30"]
[Round "8"]
[White "Masague Artero, Guerau"]
[Black "Rojas Keim, Luis Alberto"]
[Result "1/2-1/2"]
[WhiteElo "2326"]
[BlackElo "2316"]
[PlyCount "40"]
[EventDate "2025.06.25"]
[EventType "tourn"]
[EventRounds "9"]
[EventCountry "ESP"]
[SourceTitle "CB28_2025"]
[SourceDate "2025.07.09"]
[SourceVersion "1"]
[SourceVersionDate "2025.07.09"]
[SourceQuality "1"]

1. d4 Nf6 2. c4 g6 3. Nc3 Bg7 4. e4 0-0 5. h3 d6 6. Be3 e5 7. d5 a5 8. g4 Na6 9. Nge2 h5 10. f3 c6 11. Qd2 cxd5 12. cxd5 Nc5 13. 0-0-0 a4 14. Kb1 Qa5 15. Bg5 b5 16. Ng3 b4 17. Nce2 hxg4 18. hxg4 b3 19. a3 Qxd2 20. Rxd2 Ba6 1/2-1/2

[Event "Barcelona IM1 06"]
[Site "Barcelona"]
[Date "2025.06.28"]
[Round "5"]
[White "Rojas Keim, Luis Alberto"]
[Black "Villa Tornero, Alex"]
[Result "1/2-1/2"]
[WhiteElo "2316"]
[BlackElo "2211"]
[PlyCount "39"]
[EventDate "2025.06.25"]
[EventType "tourn"]
[EventRounds "9"]
[EventCountry "ESP"]
[SourceTitle "CB28_2025"]
[SourceDate "2025.07.09"]
[SourceVersion "1"]
[SourceVersionDate "2025.07.09"]
[SourceQuality "1"]

1. e4 e5 2. Nf3 Nf6 3. Nxe5 d6 4. Nd3 Nxe4 5. Qe2 Qe7 6. Nf4 Nf6 7. d4 Qxe2+ 8. Bxe2 d5 9. 0-0 Be7 10. c3 0-0 11. Be3 c6 12. Nd2 a5 13. Rfe1 Bf5 14. h3 Nbd7 15. Bd3 Bxd3 16. Nxd3 Rfe8 17. Bf4 Bf8 18. Rxe8 Rxe8 19. Re1 Rxe1+ 20. Nxe1 1/2-1/2

[Event "Barcelona IM1 06"]
[Site "Barcelona"]
[Date "2025.06.26"]
[Round "3"]
[White "Rojas Keim, Luis Alberto"]
[Black "Jimenez Fernandez, Rebeca"]
[Result "1-0"]
[WhiteElo "2316"]
[BlackElo "2154"]
[PlyCount "95"]
[EventDate "2025.06.25"]
[EventType "tourn"]
[EventRounds "9"]
[EventCountry "ESP"]
[SourceTitle "CB28_2025"]
[SourceDate "2025.07.09"]
[SourceVersion "1"]
[SourceVersionDate "2025.07.09"]
[SourceQuality "1"]

1. e4 c6 2. d4 d5 3. Nd2 dxe4 4. Nxe4 Nf6 5. Nxf6+ exf6 6. c3 Bd6 7. Bd3 0-0 8. Ne2 c5 9. 0-0 Nc6 10. d5 Ne5 11. Bc2 b5 12. a4 Bd7 13. Ng3 Rc8 14. Nf5 Bb8 15. axb5 Bxb5 16. Re1 Re8 17. d6 Ng6 18. Rxe8+ Qxe8 19. h4 Rd8 20. Be3 Qe5 21. Qg4 Bd7 22. h5 Bxf5 23. Qxf5 Bxd6 24. Rxa7 Bb8 25. Qxe5 Nxe5 26. Rb7 c4 27. Bb6 Rc8 28. f4 Nd3 29. Bxd3 cxd3 30. g3 Bc7 31. Kf2 Rd8 32. Ke1 Bxb6 33. Rxb6 d2+ 34. Kd1 Kf8 35. c4 Ke7 36. c5 Rd3 37. b4 Kd7 38. b5 Rxg3 39. Rb7+ Ke6 40. b6 Kd5 41. Rc7 Kd4 42. Kxd2 Rg2+ 43. Ke1 Ke3 44. Re7+ Kxf4 45. b7 Rb2 46. c6 g5 47. Re8 Rb1+ 48. Kd2 1-0

[Event "Barcelona Navidad IM2"]
[Site "Barcelona"]
[Date "2024.12.28"]
[Round "5"]
[White "Rojas Keim, Luis Alberto"]
[Black "Masague Artero, Guerau"]
[Result "0-1"]
[WhiteElo "2326"]
[BlackElo "2265"]
[PlyCount "58"]
[EventDate "2024.12.26"]
[EventType "tourn"]
[EventRounds "9"]
[EventCountry "ESP"]
[SourceTitle "CB01_2025"]
[SourceDate "2025.01.01"]
[SourceVersion "1"]
[SourceVersionDate "2025.01.01"]
[SourceQuality "1"]

1. e4 e5 2. Nf3 Nc6 3. d4 exd4 4. Nxd4 Qf6 5. Be3 Bc5 6. c3 Nge7 7. Bb5 Bb6 8. 0-0 0-0 9. f4 Nxd4 10. Bxd4 Bxd4+ 11. cxd4 d5 12. e5 Qb6 13. Nc3 c5 14. Be2 cxd4 15. Na4 Qa5 16. Rc1 b6 17. b3 Nf5 18. Rf3 Bd7 19. g4 Ne3 20. Qxd4 Nxg4 21. Rg3 Nh6 22. Bd3 Bf5 23. e6 g6 24. e7 Rfe8 25. Qe5 Qd2 26. Qe1 Qxf4 27. Bb5 Rxe7 28. Qxe7 Qxc1+ 29. Bf1 d4 0-1

[Event "Sitges op 48th"]
[Site "Sitges"]
[Date "2024.07.24"]
[Round "3"]
[White "Rojas Keim, Luis Alberto"]
[Black "Ruiz Soria, Adria"]
[Result "1-0"]
[WhiteElo "2362"]
[BlackElo "1989"]
[PlyCount "29"]
[EventDate "2024.07.22"]
[EventType "swiss"]
[EventRounds "9"]
[EventCountry "ESP"]
[SourceTitle "CBM 221 Extra"]
[Source "ChessBase"]
[SourceDate "2024.09.30"]
[SourceVersion "1"]
[SourceVersionDate "2024.09.30"]
[SourceQuality "1"]

1. e4 e6 2. d3 d5 3. Nd2 c5 4. Ngf3 Nf6 5. g3 Nc6 6. Bg2 Be7 7. 0-0 b6 8. c3 Bb7 9. a3 Qc7 10. b4 dxe4 11. dxe4 0-0 12. Qe2 Nd7 13. b5 Nce5 14. Nxe5 Nxe5 15. f4 1-0

[Event "Sitges op 48th"]
[Site "Sitges"]
[Date "2024.07.22"]
[Round "1"]
[White "Rojas Keim, Luis Alberto"]
[Black "Barwinska, Ewa"]
[Result "0-1"]
[WhiteElo "2362"]
[BlackElo "2035"]
[PlyCount "62"]
[EventDate "2024.07.22"]
[EventType "swiss"]
[EventRounds "9"]
[EventCountry "ESP"]
[SourceTitle "CBM 221 Extra"]
[Source "ChessBase"]
[SourceDate "2024.09.30"]
[SourceVersion "1"]
[SourceVersionDate "2024.09.30"]
[SourceQuality "1"]

1. e4 e6 2. d3 c5 3. Nf3 Nc6 4. g3 g6 5. Bg2 Bg7 6. 0-0 Nge7 7. c3 e5 8. a3 d6 9. b4 a6 10. Be3 b6 11. Qc1 0-0 12. Bh6 Bb7 13. Bxg7 Kxg7 14. Nbd2 Rc8 15. bxc5 dxc5 16. Nc4 Qc7 17. h4 Rcd8 18. Rd1 b5 19. Ne3 Bc8 20. h5 h6 21. a4 Be6 22. axb5 axb5 23. hxg6 fxg6 24. d4 exd4 25. cxd4 Rxf3 26. Bxf3 Nxd4 27. Qb2 Qe5 28. Kg2 Rf8 29. Ra7 Rf7 30. Ng4 Bxg4 31. Bxg4 h5 0-1

[Event "El Vendrell op 4th"]
[Site "El Vendrell"]
[Date "2024.07.13"]
[Round "2"]
[White "Rojas Keim, Luis Alberto"]
[Black "Aviol Perez, Jose Mariano"]
[Result "1-0"]
[WhiteElo "2343"]
[BlackElo "1879"]
[PlyCount "85"]
[EventDate "2024.07.13"]
[EventType "swiss"]
[EventRounds "9"]
[EventCountry "ESP"]
[SourceTitle "CBM 221 Extra"]
[Source "ChessBase"]
[SourceDate "2024.09.30"]
[SourceVersion "1"]
[SourceVersionDate "2024.09.30"]
[SourceQuality "1"]

1. e4 d6 2. d4 Nf6 3. Nc3 g6 4. Be3 c6 5. Qd2 Nbd7 6. 0-0-0 b5 7. f3 Bg7 8. Bh6 Bxh6 9. Qxh6 Qa5 10. Kb1 Rb8 11. g4 Nb6 12. e5 b4 13. Nce2 dxe5 14. dxe5 Qxe5 15. Nd4 Bd7 16. Nh3 c5 17. Nb3 Nfd5 18. f4 Qc7 19. Qg7 Rf8 20. Ng5 Nf6 21. Nxh7 Nxh7 22. Qxh7 Bxg4 23. Re1 c4 24. Nd4 b3 25. axb3 cxb3 26. Nxb3 Bf5 27. Bb5+ Nd7 28. Bxd7+ Kxd7 29. Nd4 Qb6 30. b3 Ke8 31. Nxf5 gxf5 32. Qxf5 Rg8 33. Qe5 Qb7 34. f5 Rg2 35. Qh8+ Kd7 36. Rd1+ Kc6 37. Qc3+ Kb6 38. Qb4+ Ka6 39. Qa4+ Kb6 40. Rhe1 Rc8 41. Re5 a6 42. Qd4+ Kc7 43. Rxe7+ 1-0

[Event "Barcelona Sant Marti op 10th"]
[Site "Barcelona"]
[Date "2023.03.02"]
[Round "8"]
[White "Rojas Keim, Luis Alberto"]
[Black "Cervello Tost, Roger"]
[Result "1-0"]
[WhiteElo "2385"]
[BlackElo "2024"]
[PlyCount "87"]
[EventDate "2023.01.12"]
[EventType "swiss"]
[EventRounds "9"]
[EventCountry "ESP"]
[SourceTitle "CBM 213 Extra"]
[Source "ChessBase"]
[SourceDate "2023.05.31"]
[SourceVersion "1"]
[SourceVersionDate "2023.05.31"]
[SourceQuality "1"]

1. e4 e5 2. Nf3 Nc6 3. Bb5 a6 4. Bxc6 dxc6 5. 0-0 Bg4 6. h3 h5 7. d3 Qf6 8. Be3 Bxf3 9. Qxf3 Qxf3 10. gxf3 0-0-0 11. Nd2 f6 12. Rfb1 Bd6 13. b4 Ne7 14. a4 g5 15. b5 cxb5 16. axb5 axb5 17. Rxb5 b6 18. Nc4 Kd7 19. d4 Kc6 20. Nxd6 exd4 21. Bxd4 Rxd6 22. Rb4 Kb7 23. Bc5 Re6 24. Rd1 Nc6 25. Rb3 Ne5 26. Rd5 Rc6 27. Bd4 Rxc2 28. Bxe5 fxe5 29. Rxe5 Rg8 30. Kg2 Rg6 31. Re7 Rc5 32. e5 b5 33. Re8 Rb6 34. Re3 b4 35. e6 Rbb5 36. e7 Re5 37. Rd8 Rxe3 38. fxe3 Re5 39. e8Q Rxe8 40. Rxe8 c5 41. Rd8 b3 42. Kf2 c4 43. Ke2 Kc7 44. Rd4 1-0

[Event "Barcelona Sant Marti op 10th"]
[Site "Barcelona"]
[Date "2023.01.26"]
[Round "3"]
[White "Villar Reymundo, Juan Antonio"]
[Black "Rojas Keim, Luis Alberto"]
[Result "1-0"]
[WhiteElo "2065"]
[BlackElo "2385"]
[PlyCount "75"]
[EventDate "2023.01.12"]
[EventType "swiss"]
[EventRounds "9"]
[EventCountry "ESP"]
[SourceTitle "CBM 213 Extra"]
[Source "ChessBase"]
[SourceDate "2023.05.31"]
[SourceVersion "1"]
[SourceVersionDate "2023.05.31"]
[SourceQuality "1"]

1. Nf3 e6 2. c4 c5 3. g3 b6 4. Bg2 Bb7 5. 0-0 Nf6 6. b3 Be7 7. Bb2 0-0 8. e3 d6 9. Qe2 Nbd7 10. Rd1 Qc7 11. Nc3 a6 12. Rac1 Bc6 13. d4 Qb7 14. d5 exd5 15. cxd5 Nxd5 16. Nxd5 Bxd5 17. Rxd5 Qxd5 18. Nd4 Qg5 19. h4 Qg6 20. h5 Qh6 21. Nf5 Qg5 22. g4 Ne5 23. f4 Qf6 24. fxe5 dxe5 25. Bxa8 Rxa8 26. Qh2 Bf8 27. Qxe5 Qd8 28. h6 Qg5 29. hxg7 Bd6 30. Nxd6 Qxg4+ 31. Kf2 Rd8 32. Rc4 Qd1 33. Ne4 Rd2+ 34. Nxd2 Qxd2+ 35. Kg3 Qe1+ 36. Kg4 Qe2+ 37. Kh4 Qf2+ 38. Qg3 1-0

[Event "Barcelona Sant Marti op 10th"]
[Site "Barcelona"]
[Date "2023.01.12"]
[Round "1"]
[White "Bellpuig Mencos, Gerard"]
[Black "Rojas Keim, Luis Alberto"]
[Result "0-1"]
[WhiteElo "1679"]
[BlackElo "2385"]
[PlyCount "114"]
[EventDate "2023.01.12"]
[EventType "swiss"]
[EventRounds "9"]
[EventCountry "ESP"]
[SourceTitle "CBM 213 Extra"]
[Source "ChessBase"]
[SourceDate "2023.05.31"]
[SourceVersion "1"]
[SourceVersionDate "2023.05.31"]
[SourceQuality "1"]

1. d4 Nf6 2. c4 e6 3. Nc3 c5 4. d5 exd5 5. cxd5 d6 6. e4 g6 7. h3 Bg7 8. Nf3 0-0 9. Bg5 Re8 10. Bd3 h6 11. Be3 c4 12. Bc2 b5 13. a3 a6 14. 0-0 Nbd7 15. Nd4 Bb7 16. Qd2 Kh7 17. Rfe1 Nc5 18. Bf4 Qb6 19. Rad1 Nfd7 20. Nc6 Bxc6 21. dxc6 Ne5 22. Qd5 Re6 23. Be3 Nxc6 24. f4 Rae8 25. f5 Rf6 26. Qd2 Ne7 27. Bd4 Rc8 28. Kh1 Rc6 29. Bxf6 Bxf6 30. fxg6+ fxg6 31. Rf1 Nd7 32. e5 Bg5 33. Rf7+ Kg8 34. Qf2 Qxf2 35. Rxf2 Nxe5 36. Be4 Rb6 37. Nd5 Nxd5 38. Bxd5+ Kg7 39. Rdf1 Rb8 40. a4 bxa4 41. Ra1 Rb4 42. Raf1 Rb8 43. g3 a3 44. bxa3 c3 45. Be4 Rc8 46. Rc2 Bd2 47. Bb7 Rb8 48. Bxa6 Ra8 49. Be2 Rxa3 50. Rb1 Ra7 51. Kg2 d5 52. Rb4 Nc6 53. Rb6 Nd4 54. Bd3 Nxc2 55. Rxg6+ Kf7 56. Bxc2 Ra2 57. Bb3 Kxg6 0-1

[Event "Roncana op-A 14th"]
[Site "Santa Eulalia de Roncana"]
[Date "2022.11.05"]
[Round "4"]
[White "Rojas Keim, Luis Alberto"]
[Black "Rojano Alfonso, Carlos"]
[Result "1/2-1/2"]
[WhiteElo "2387"]
[BlackElo "2258"]
[PlyCount "59"]
[EventDate "2022.10.08"]
[EventType "swiss"]
[EventRounds "8"]
[EventCountry "ESP"]
[SourceTitle "EXT 2024"]
[Source "ChessBase"]
[SourceDate "2023.10.10"]
[SourceVersion "1"]
[SourceVersionDate "2023.10.10"]
[SourceQuality "1"]

1. e4 g6 2. d4 Bg7 3. Nc3 d6 4. Be3 a6 5. h4 h5 6. Nh3 b5 7. Ng5 Nc6 8. d5 Ne5 9. Bd4 f6 10. Nh3 b4 11. Ne2 c5 12. Be3 Nh6 13. Nef4 Nhg4 14. Bc1 Qb6 15. f3 Nh6 16. Be3 Nhf7 17. Qd2 Bh6 18. Ne6 Bxe3 19. Qxe3 Nd8 20. Nxd8 Bxh3 21. gxh3 Kxd8 22. Rg1 Rg8 23. Be2 Kc7 24. 0-0-0 a5 25. f4 Nd7 26. Kb1 a4 27. Rd2 Qa5 28. c4 bxc3 29. Qxc3 Qb6 30. Bc4 1/2-1/2

[Event "Roncana op-A 14th"]
[Site "Santa Eulalia de Roncana"]
[Date "2022.10.08"]
[Round "1"]
[White "Deulonder Camins, Xavier"]
[Black "Rojas Keim, Luis Alberto"]
[Result "0-1"]
[WhiteElo "1825"]
[BlackElo "2387"]
[PlyCount "34"]
[EventDate "2022.10.08"]
[EventType "swiss"]
[EventRounds "8"]
[EventCountry "ESP"]
[SourceTitle "EXT 2024"]
[Source "ChessBase"]
[SourceDate "2023.10.10"]
[SourceVersion "1"]
[SourceVersionDate "2023.10.10"]
[SourceQuality "1"]

1. e4 e6 2. d4 d5 3. Nd2 Nc6 4. c3 e5 5. exd5 Qxd5 6. dxe5 Nxe5 7. Qe2 Qe6 8. f4 Nd3+ 9. Kd1 Qxe2+ 10. Kxe2 Nxf4+ 11. Kf3 Ng6 12. Bc4 Nf6 13. Bb3 Bc5 14. Ne2 Bg4+ 15. Kg3 Bxe2 16. Re1 Nh5+ 17. Kh3 Ngf4+ 0-1

[Event "La Pobla de Lillet op-A 30th"]
[Site "La Pobla de Lillet"]
[Date "2021.08.08"]
[Round "7"]
[White "Dudognon, Thibault"]
[Black "Rojas Keim, Luis Alberto"]
[Result "1-0"]
[WhiteElo "2242"]
[BlackElo "2378"]
[PlyCount "103"]
[EventDate "2021.08.02"]
[EventType "swiss"]
[EventRounds "9"]
[EventCountry "ESP"]
[SourceTitle "EXT 2022"]
[Source "ChessBase"]
[SourceDate "2021.10.06"]
[SourceVersion "1"]
[SourceVersionDate "2021.10.06"]
[SourceQuality "1"]

1. e4 d6 2. d4 Nf6 3. Nc3 c6 4. f4 Qa5 5. Bd3 e5 6. Nf3 exd4 7. Nxd4 Qb6 8. Nb3 a5 9. Qe2 a4 10. Nd2 Bg4 11. Qf2 Qxf2+ 12. Kxf2 Be6 13. Nf3 Be7 14. h3 0-0 15. a3 b5 16. Nd4 Bd7 17. Be3 Na6 18. e5 dxe5 19. fxe5 Ne8 20. Bf5 Bxf5 21. Nxf5 Bd8 22. Rad1 Nec7 23. Rd6 Nb8 24. Nxg7 Be7 25. Bh6 Bxd6 26. exd6 Nd5 27. Nxd5 cxd5 28. Nh5 Rd8 29. Re1 f5 30. Re6 Ra6 31. Bf4 Rc6 32. Re7 Rxc2+ 33. Ke3 Rf8 34. Bh6 Rxb2 35. Bxf8 Kxf8 36. Rc7 b4 37. Rc8+ Kf7 38. Rxb8 bxa3 39. Ra8 Rb3+ 40. Kf2 Ke6 41. Rxa4 Kxd6 42. Ng3 Ke5 43. Ne2 h6 44. Nc1 Rc3 45. Ne2 Rb3 46. g3 Rd3 47. Nf4 Rb3 48. Ne2 Rd3 49. h4 Rb3 50. Nd4 Rb2+ 51. Ke3 Rg2 52. Ra6 1-0

[Event "La Pobla de Lillet op-A 30th"]
[Site "La Pobla de Lillet"]
[Date "2021.08.04"]
[Round "3"]
[White "Perez Garcia, Adria"]
[Black "Rojas Keim, Luis Alberto"]
[Result "0-1"]
[WhiteElo "2129"]
[BlackElo "2378"]
[PlyCount "74"]
[EventDate "2021.08.02"]
[EventType "swiss"]
[EventRounds "9"]
[EventCountry "ESP"]
[SourceTitle "EXT 2022"]
[Source "ChessBase"]
[SourceDate "2021.10.06"]
[SourceVersion "1"]
[SourceVersionDate "2021.10.06"]
[SourceQuality "1"]

1. e4 e6 2. d4 d5 3. e5 c5 4. c3 Nc6 5. Nf3 Qb6 6. a3 Nh6 7. b4 cxd4 8. cxd4 Nf5 9. Bb2 Bd7 10. Be2 Be7 11. 0-0 g5 12. g4 Nh6 13. h3 f5 14. exf6 Bxf6 15. Qd3 Ne7 16. Nc3 Ng6 17. Bc1 Nf7 18. Be3 0-0 19. Qd2 Rac8 20. Rac1 Kg7 21. Bd3 a5 22. b5 Qd6 23. Bxg6 Kxg6 24. Qd3+ Kg7 25. Ne2 Rc4 26. Ng3 Be7 27. Ne5 Nxe5 28. dxe5 Qxa3 29. Qd2 Bb4 30. Qd1 Rxc1 31. Bxc1 Qc3 32. Qe2 Bc5 33. Kg2 Qb3 34. Qd2 Qf3+ 35. Kh2 Qxf2+ 36. Rxf2 Rxf2+ 37. Qxf2 Bxf2 0-1

[Event "Barcelona Canovelles op"]
[Site "Barcelona"]
[Date "2021.01.02"]
[Round "7"]
[White "Barbero Sendic, Alejandro"]
[Black "Rojas Keim, Luis Alberto"]
[Result "0-1"]
[WhiteElo "2322"]
[BlackElo "2374"]
[PlyCount "67"]
[EventDate "2020.12.27"]
[EventType "swiss"]
[EventRounds "7"]
[EventCountry "ESP"]
[SourceTitle "CBM 200 Extra"]
[Source "ChessBase"]
[SourceDate "2021.03.31"]
[SourceVersion "1"]
[SourceVersionDate "2021.03.31"]
[SourceQuality "1"]

1. e4 e6 2. d4 d5 3. Nc3 Bb4 4. e5 c5 5. a3 Bxc3+ 6. bxc3 Ne7 7. Qg4 Kf8 8. h4 Qa5 9. Bd2 Qa4 10. Qd1 b6 11. h5 h6 12. Nf3 Ba6 13. Rh4 Bxf1 14. Kxf1 cxd4 15. Nxd4 Qd7 16. f4 Nbc6 17. g4 Rc8 18. Rh3 Na5 19. Qe2 Nc4 20. Bc1 Nc6 21. a4 Ke8 22. Kg2 Kd8 23. Be3 Kc7 24. Rhh1 Kb7 25. Nb5 f6 26. Rab1 N6a5 27. Bd4 fxe5 28. fxe5 Rhf8 29. Rbf1 a6 30. Nd6+ Nxd6 31. exd6 Nc4 32. Rxf8 Rxf8 33. Rb1 a5 34. Be5 0-1

[Event "Barcelona Sant Marti op 9th"]
[Site "Barcelona"]
[Date "2020.03.05"]
[Round "8"]
[White "Rojas Keim, Luis Alberto"]
[Black "Castillo Dalmau, Albert"]
[Result "1-0"]
[WhiteElo "2371"]
[BlackElo "2171"]
[PlyCount "45"]
[EventDate "2020.01.16"]
[EventType "swiss"]
[EventRounds "9"]
[EventCountry "ESP"]
[SourceTitle "CBM 195 Extra"]
[Source "ChessBase"]
[SourceDate "2020.05.31"]
[SourceVersion "1"]
[SourceVersionDate "2020.05.31"]
[SourceQuality "1"]

1. e4 c5 2. Nf3 e6 3. c3 Nf6 4. e5 Nd5 5. d4 cxd4 6. cxd4 d6 7. Bd3 Be7 8. Nc3 dxe5 9. Nxe5 Nc6 10. Nxc6 bxc6 11. 0-0 0-0 12. Qh5 g6 13. Qf3 Qb6 14. Rd1 Ba6 15. Bh6 Rfd8 16. Bxa6 Nxc3 17. Qxc3 Qxa6 18. d5 Bf8 19. Bxf8 Rxf8 20. dxc6 Rac8 21. c7 Qb6 22. Rd7 f6 23. Qh3 1-0

[Event "Roquetas de Mar op 31st"]
[Site "Roquetas de Mar"]
[Date "2020.01.03"]
[Round "3"]
[White "Rojas Keim, Luis Alberto"]
[Black "Bjerre, Jonas Buhl"]
[Result "0-1"]
[WhiteElo "2371"]
[BlackElo "2535"]
[PlyCount "64"]
[EventDate "2020.01.02"]
[EventType "swiss"]
[EventRounds "9"]
[EventCountry "ESP"]
[SourceTitle "CBM 194 Extra"]
[Source "ChessBase"]
[SourceDate "2020.03.31"]
[SourceVersion "1"]
[SourceVersionDate "2020.03.31"]
[SourceQuality "1"]

1. e4 c5 2. Nf3 d6 3. d4 cxd4 4. Qxd4 Nc6 5. Bb5 Bd7 6. Bxc6 Bxc6 7. Nc3 Nf6 8. Bg5 e6 9. 0-0-0 Be7 10. Rhe1 0-0 11. Kb1 Qa5 12. Qd2 Qc7 13. Nd4 Rac8 14. f3 a6 15. g4 b5 16. Nce2 Bb7 17. Ng3 Rfe8 18. Rg1 Nd7 19. Bxe7 Rxe7 20. Nh5 Ne5 21. Qg5 Ng6 22. Rg2 d5 23. exd5 Bxd5 24. Re2 Rd7 25. Rdd2 Rcd8 26. b3 Bb7 27. Qe3 b4 28. Rd3 Qc5 29. Nxg7 Rxd4 30. Nh5 Kh8 31. Rxd4 Qxd4 32. Qh6 Qc3 0-1

[Event "Roncana op-A 13th"]
[Site "Santa Eulalia de Roncana"]
[Date "2019.10.26"]
[Round "5"]
[White "Rojano Alfonso, Carlos"]
[Black "Rojas Keim, Luis Alberto"]
[Result "0-1"]
[WhiteElo "2210"]
[BlackElo "2364"]
[PlyCount "82"]
[EventDate "2019.09.28"]
[EventType "swiss"]
[EventRounds "8"]
[EventCountry "ESP"]
[SourceTitle "CBM 193 Extra"]
[Source "ChessBase"]
[SourceDate "2020.01.31"]
[SourceVersion "1"]
[SourceVersionDate "2020.01.31"]
[SourceQuality "1"]

1. d4 Nf6 2. c4 e6 3. Nc3 c5 4. d5 exd5 5. cxd5 d6 6. e4 g6 7. f4 Bg7 8. Bb5+ Nfd7 9. Nf3 0-0 10. 0-0 a6 11. Bd3 b5 12. Kh1 c4 13. Bc2 Nc5 14. f5 Nbd7 15. Bg5 Bf6 16. Bxf6 Qxf6 17. Nd4 g5 18. b4 Nd3 19. e5 N7xe5 20. Ne4 Qh6 21. Bxd3 cxd3 22. Qd2 Bb7 23. f6 Qg6 24. Nf5 Rfe8 25. Nexd6 Nc4 26. Nxc4 bxc4 27. Ne7+ Rxe7 28. fxe7 Bxd5 29. b5 axb5 30. Rae1 Bc6 31. Re5 h6 32. Qe3 Be8 33. Rd5 Qc6 34. Rd8 Rxa2 35. Qf3 Kg7 36. Qg3 Qf6 37. Re1 d2 38. Rd1 Ra1 39. Rg1 Rxg1+ 40. Kxg1 Qa1+ 41. Kf2 Qe1+ 0-1

[Event "Roncana op-A 13th"]
[Site "Santa Eulalia de Roncana"]
[Date "2019.10.19"]
[Round "4"]
[White "Rojas Keim, Luis Alberto"]
[Black "Salvans Serra, Arnau"]
[Result "1-0"]
[WhiteElo "2364"]
[BlackElo "2005"]
[PlyCount "55"]
[EventDate "2019.09.28"]
[EventType "swiss"]
[EventRounds "8"]
[EventCountry "ESP"]
[SourceTitle "CBM 193 Extra"]
[Source "ChessBase"]
[SourceDate "2020.01.31"]
[SourceVersion "1"]
[SourceVersionDate "2020.01.31"]
[SourceQuality "1"]

1. e4 d6 2. d4 Nf6 3. Nc3 Nbd7 4. Be3 e5 5. f3 c6 6. Qd2 Be7 7. g4 b5 8. g5 Nh5 9. Nge2 a5 10. Ng3 Nf4 11. Nf5 Nb6 12. Nxe7 Qxe7 13. dxe5 Nh3 14. Bxb6 Nxg5 15. Be2 dxe5 16. 0-0-0 Be6 17. Qe3 f6 18. Bc5 Qb7 19. Rd6 b4 20. Na4 Bh3 21. Bc4 Nf7 22. Rd2 Rd8 23. Rxd8+ Nxd8 24. f4 Be6 25. Bxe6 Nxe6 26. fxe5 fxe5 27. Rd1 Qb5 28. Qb3 1-0

[Event "Badalona op 45th"]
[Site "Badalona"]
[Date "2019.08.08"]
[Round "7"]
[White "Rojas Keim, Luis Alberto"]
[Black "Umetsubo, Cesar Hidemitsu"]
[Result "1-0"]
[WhiteElo "2338"]
[BlackElo "2396"]
[PlyCount "95"]
[EventDate "2019.08.02"]
[EventType "swiss"]
[EventRounds "9"]
[EventCountry "ESP"]
[SourceTitle "EXT 2020"]
[Source "ChessBase"]
[SourceDate "2019.10.17"]
[SourceVersion "1"]
[SourceVersionDate "2019.10.17"]
[SourceQuality "1"]

1. e4 e5 2. Nf3 Nf6 3. Nxe5 d6 4. Nf3 Nxe4 5. d4 d5 6. Bd3 Nc6 7. 0-0 Be7 8. Nc3 Nxc3 9. bxc3 0-0 10. h3 Be6 11. Rb1 b6 12. Re1 h6 13. Bf4 Bd6 14. Ne5 Nxe5 15. dxe5 Bc5 16. Qh5 f5 17. Bxh6 Qe8 18. Qxe8 Raxe8 19. Bg5 c6 20. g3 b5 21. a4 bxa4 22. Ra1 a3 23. Bc1 Rf7 24. Bxa3 Bb6 25. Bd6 g5 26. Kg2 Rh7 27. g4 Rf7 28. f3 c5 29. Rab1 Kg7 30. gxf5 Bxf5 31. Bxf5 Rxf5 32. Rb5 d4 33. Bxc5 dxc3 34. Bxb6 axb6 35. Re3 Re6 36. Kg3 Rc6 37. Kg4 Kg6 38. Rb3 Rf4+ 39. Kg3 Kf5 40. e6 Rxe6 41. Rxe6 Kxe6 42. Rxb6+ Ke5 43. Rb5+ Kd4 44. Rxg5 Rf8 45. Kf2 Rh8 46. Rg4+ Kc5 47. h4 Rd8 48. Rg2 1-0